[Event "London Classic Superrapid"]
[Site "London ENG"]
[Date "2015.12.13"]
[Round "7.10"]
[White "Arakhamia-Grant, Ketevan"]
[Black "Grigoriants, Sergey"]
[Result "1/2-1/2"]
[WhiteTitle "GM"]
[BlackTitle "GM"]
[WhiteElo "2353"]
[BlackElo "2603"]
[WhiteFideId "13600168"]
[BlackFideId "4130804"]
[EventDate "2015.12.12"]

1. e4 c5 2. Nf3 d6 3. Bb5+ Nd7 4. O-O Nf6 5. Re1 a6 6. Bf1 b6 7. c3 Bb7 8. d3 e6
9. Nbd2 Be7 10. d4 O-O 11. e5 Ne8 12. Ne4 cxd4 13. cxd4 dxe5 14. dxe5 Bxe4 15.
Rxe4 Nxe5 16. Nd4 Bc5 17. Be3 Qd5 18. Rh4 Ng6 19. Rh5 Qd6 20. b4 Bxb4 21. Nc2
Nf6 22. Rh3 Qxd1 23. Rxd1 Ba5 24. Nd4 Nd5 25. Nc6 Nxe3 26. Rxe3 Rfc8 27. Rd6 Bd2
28. Rxd2 Rxc6 29. g3 b5 30. Red3 Kf8 31. f4 Ra7 32. Bg2 Rc8 33. Rd6 Rb8 34. Kf2
Ke7 35. h4 h6 36. Rc6 Nf8 37. Rdd6 a5 38. Ra6 Rc7 39. Rdc6 Rxc6 40. Bxc6 a4 41.
Ra5 b4 42. Bxa4 Kf6 43. h5 g6 44. Ke3 Rc8 45. Rb5 Rc3+ 46. Kf2 gxh5 47. Rxb4 Ng6
48. Bb3 Ne7 49. Rc4 Rd3 50. Bc2 Rd2+ 51. Kf3 Nf5 52. Bxf5 Kxf5 53. Rc5+ Kg6 54.
a4 Rd3+ 55. Kf2 Rd4 56. a5 h4 57. Ke3 Ra4 58. gxh4 1/2-1/2

[Event "London Classic Superrapid"]
[Site "London ENG"]
[Date "2015.12.13"]
[Round "7.11"]
[White "Hector, Jonny"]
[Black "Jones, Gawain C B"]
[Result "0-1"]
[WhiteTitle "GM"]
[BlackTitle "GM"]
[WhiteElo "2489"]
[BlackElo "2615"]
[WhiteFideId "1700090"]
[BlackFideId "409561"]
[EventDate "2015.12.12"]

1. d4 Nf6 2. Nc3 d5 3. Bg5 h6 4. Bxf6 exf6 5. e3 c6 6. Bd3 f5 7. Nge2 Bd6 8. Qd2
Be6 9. f3 Nd7 10. O-O-O b5 11. Nf4 Bxf4 12. exf4 Nb6 13. Rde1 Qf6 14. g4 O-O 15.
Re5 fxg4 16. f5 Bc8 17. fxg4 Nd7 18. Re2 Qxd4 19. g5 hxg5 20. Qxg5 Qf6 21. Qf4
Nc5 22. Rf2 Re8 23. Rg1 Qe5 24. Qxe5 Rxe5 25. Rfg2 Kf8 26. Rxg7 Nxd3+ 27. cxd3
Rxf5 28. Rh7 Ke7 29. Ne2 Bd7 30. Nd4 Rf4 31. Nb3 Kd6 32. d4 Re8 33. Nc5 Re7 34.
Rd1 Bf5 35. Rh6+ Bg6 36. h4 Re2 37. h5 Rc2+ 38. Kb1 Rh2+ 39. Rxg6+ fxg6 40. hxg6
Rg4 41. Re1 Rxg6 42. a3 Rh7 43. Re8 Rh4 44. Rd8+ Ke7 45. Rd7+ Ke8 46. Rxa7 Rxd4
47. Ka2 Rd2 48. Nb3 Rh2 49. Nd4 Rgg2 50. Kb3 Rxb2+ 51. Kc3 c5 52. Ne6 Rhc2+ 53.
Kd3 Rd2+ 0-1

[Event "London Classic Superrapid"]
[Site "London ENG"]
[Date "2015.12.13"]
[Round "7.12"]
[White "Hamitevici, Vladimir"]
[Black "Jumabayev, Rinat"]
[Result "0-1"]
[WhiteTitle "IM"]
[BlackTitle "GM"]
[WhiteElo "2430"]
[BlackElo "2599"]
[WhiteFideId "13902393"]
[BlackFideId "13702661"]
[EventDate "2015.12.12"]

1. d4 Nf6 2. Nf3 g6 3. c4 Bg7 4. e3 c5 5. d5 e6 6. Nc3 exd5 7. cxd5 O-O 8. Be2
d6 9. Nd2 Re8 10. e4 Na6 11. O-O Nc7 12. a4 Rb8 13. f3 a6 14. a5 Bd7 15. Nc4 Bb5
16. Bg5 Bxc4 17. Bxc4 b5 18. axb6 Rxb6 19. Qc2 h6 20. Bh4 g5 21. Bf2 Nd7 22. Ra2
Qf6 23. Be2 Reb8 24. Be3 Ne5 25. g3 Rb4 26. Nd1 Qg6 27. Bd2 Rb3 28. Ne3 Rxb2 29.
Rxb2 Rxb2 30. Qc1 Ra2 31. Nf5 Bf8 32. g4 Nb5 33. Rf2 Qf6 34. Kg2 Ng6 35. Bc4 Ra1
36. Qc2 Qe5 37. Qd3 Bg7 38. Bxb5 axb5 39. Qxb5 Rd1 40. Qb8+ Kh7 41. Qxd6 Rxd2
42. Rxd2 Qc3 43. Rf2 Qe1 44. Nxg7 Nf4+ 45. Qxf4 gxf4 46. Nh5 c4 47. Nxf4 c3 48.
Ne2 c2 49. h4 Qd2 50. Kg3 Kg8 51. Kg2 Kf8 52. Kg3 Ke8 53. Kg2 Kd7 54. f4 Qe3 55.
e5 Qe4+ 56. Kg3 Qxd5 57. h5 Qd3+ 58. Kg2 Qe3 59. Kf1 Qh3+ 60. Rg2 Qf3+ 61. Kg1
Qxe2 62. Rxe2 c1=Q+ 0-1

[Event "London Classic Superrapid"]
[Site "London ENG"]
[Date "2015.12.13"]
[Round "7.13"]
[White "Krishna C R G"]
[Black "Bok, Benjamin"]
[Result "1-0"]
[WhiteTitle "IM"]
[BlackTitle "GM"]
[WhiteElo "2367"]
[BlackElo "2591"]
[WhiteFideId "5018625"]
[BlackFideId "1017063"]
[EventDate "2015.12.12"]

1. d4 Nf6 2. Nf3 g6 3. Nc3 Bg7 4. Bf4 O-O 5. e4 d6 6. Be2 c6 7. Qd2 b5 8. a3 Bb7
9. O-O a5 10. Bd3 b4 11. axb4 axb4 12. Ne2 c5 13. dxc5 dxc5 14. Rxa8 Bxa8 15.
Ng3 Nc6 16. Bh6 Nd4 17. Ne5 Qd6 18. Bxg7 Kxg7 19. Nc4 Qe6 20. f3 Rd8 21. b3 Bc6
22. Qg5 Nxb3 23. e5 Ng8 24. Nh5+ Kh8 25. Nf4 Qd7 26. e6 Qd4+ 27. Kh1 f6 28. Qh4
Na1 29. Nxg6+ Kg7 30. Nf4 Nh6 31. Nh5+ Kf8 32. Qg3 Ng4 33. Qxg4 Qxg4 34. fxg4
Nb3 35. g5 Nd4 36. gxf6 Nxe6 37. Ne5 Bd5 38. Bxh7 exf6 39. Ng6+ Kf7 40. Rxf6+
Ke8 41. Bg8 Kd7 42. Bxe6+ Bxe6 43. Ne5+ Kc7 44. h4 Rd1+ 45. Kh2 Bd5 46. Nf4 Be4
47. Ned3 Bxd3 48. Nxd3 b3 49. cxb3 Rxd3 50. Rf3 Rd5 51. g4 Kd6 52. h5 Ke6 53. h6
Rd8 54. g5 Rh8 55. Kg3 Rh7 56. Kg4 Rh8 57. Kh5 Rd8 58. h7 Rd1 59. Kg6 Rh1 60.
Kg7 Kd5 1-0

[Event "London Classic Superrapid"]
[Site "London ENG"]
[Date "2015.12.13"]
[Round "7.14"]
[White "Suarez Real, Alberto"]
[Black "Wegerle, Joerg"]
[Result "1/2-1/2"]
[WhiteTitle "IM"]
[BlackTitle "IM"]
[WhiteElo "2383"]
[BlackElo "2440"]
[WhiteFideId "2218534"]
[BlackFideId "4644743"]
[EventDate "2015.12.12"]

1. e4 e6 2. d4 d5 3. Nd2 dxe4 4. Nxe4 Bd7 5. Nf3 Bc6 6. Bd3 Nd7 7. O-O Ngf6 8.
Ned2 Be7 9. Nc4 O-O 10. Nce5 Nxe5 11. Nxe5 Qd5 12. Nxc6 Qxc6 13. Qe2 Rad8 14. c3
Qd6 15. Bc2 c5 16. Be3 Qc7 17. Rad1 Nd5 18. Bc1 Bf6 19. dxc5 Qxc5 20. Rd3 Qe7
21. Qg4 g6 22. Rfd1 Nc7 23. Qf3 Rxd3 24. Rxd3 Nd5 25. Bb3 Bg5 26. Bxg5 Qxg5 27.
Bxd5 exd5 28. Rd1 Rd8 29. g3 b6 30. h4 Qe5 31. Rd4 Rd6 32. Qd3 Qe1+ 33. Qf1 Qe5
34. Qd1 b5 35. Qd2 a6 36. a4 Kg7 37. axb5 axb5 38. Kg2 h5 39. Qd3 Qe6 40. b4 Qd7
41. Qf3 Qe6 42. Qd1 Rd7 43. Qd3 Qc6 44. Kh2 Qb6 45. Kg1 Qc6 46. Rf4 Qb6 47. Kf1
Rd8 48. Rd4 Qc6 49. Rf4 Rc8 50. Rd4 Rd8 51. Ke2 Rd6 52. Kd2 Qa6 53. Rf4 Qb6 54.
Qe3 Qc7 55. Qe5+ Kg8 56. Rf6 Rd7 57. Qxc7 Rxc7 58. Rd6 Kf8 59. Rxd5 Rb7 60. Rc5
Ke7 61. Ke3 Kd6 62. Kf4 f6 63. f3 Rb6 64. g4 hxg4 65. fxg4 Ke6 66. h5 gxh5 67.
gxh5 Rb8 68. Rc6+ Ke7 69. Rc7+ Kd6 70. Rc5 Ke6 71. h6 Rh8 72. Rh5 Kf7 73. Kf5
Rh7 74. Rh1 Rh8 75. Rh2 Rh7 76. Rh1 Rh8 77. h7 Kg7 78. Rh2 Kf7 79. Ra2 Kg7 80.
Ra7+ Kh6 81. Kxf6 Rf8+ 82. Ke5 Rd8 83. Rb7 Kg6 84. Rxb5 Kxh7 85. c4 Kg7 86. c5
Kf7 87. Rb7+ Ke8 88. c6 Rd1 89. Rb8+ 1/2-1/2

[Event "London Classic Superrapid"]
[Site "London ENG"]
[Date "2015.12.13"]
[Round "7.15"]
[White "Kasimdzhanov, Rustam"]
[Black "McDonald, Neil"]
[Result "1/2-1/2"]
[WhiteTitle "GM"]
[BlackTitle "GM"]
[WhiteElo "2702"]
[BlackElo "2415"]
[WhiteFideId "14200244"]
[BlackFideId "400629"]
[EventDate "2015.12.12"]

1. e4 d5 2. exd5 Qxd5 3. Nc3 Qd8 4. d4 Nf6 5. Bf4 g6 6. Qd2 Bg7 7. O-O-O Nd5 8.
Be5 f6 9. Bg3 c6 10. Kb1 Be6 11. Nge2 Nd7 12. Nxd5 cxd5 13. Nf4 Bf7 14. h4 O-O
15. Qe1 e5 16. dxe5 Nxe5 17. Bb5 Qb6 18. Ba4 Nc4 19. Bb3 Rad8 20. Qe2 Qa6 21.
Qd3 b5 22. Rhe1 f5 23. c3 d4 24. cxd4 Rxd4 25. Qxd4 Bxd4 26. Rxd4 Qf6 27. Red1
Re8 28. f3 a5 29. Bf2 a4 30. Bxc4 bxc4 31. Nd5 Bxd5 32. Rxd5 a3 33. Bd4 Qc6 34.
Bc3 Re2 35. bxa3 Qa4 36. Rd8+ Kf7 37. R1d7+ Ke6 38. Rd6+ Kf7 39. R8d7+ Ke8 40.
Rd8+ Kf7 41. R8d7+ Ke8 42. Rd8+ Kf7 43. R8d7+ 1/2-1/2

[Event "London Classic Superrapid"]
[Site "London ENG"]
[Date "2015.12.13"]
[Round "7.16"]
[White "Pert, Nicholas"]
[Black "Fernandez, Daniel Howard"]
[Result "1-0"]
[WhiteTitle "GM"]
[BlackTitle "IM"]
[WhiteElo "2569"]
[BlackElo "2476"]
[WhiteFideId "403989"]
[BlackFideId "5801605"]
[EventDate "2015.12.12"]

1. d4 c5 2. d5 e5 3. e4 d6 4. Nc3 Be7 5. f4 exf4 6. Bxf4 a6 7. Nf3 Bg4 8. a4
Bxf3 9. gxf3 Bh4+ 10. Bg3 Nd7 11. Qd2 Bxg3+ 12. hxg3 Ne7 13. Be2 Qa5 14. Nb1
Qxd2+ 15. Nxd2 Kd8 16. Nc4 Kc7 17. O-O-O Rae8 18. Rh2 Nb6 19. Nxb6 Kxb6 20. f4
Nc8 21. Bf3 Kc7 22. a5 Re7 23. Kd2 h6 24. Re1 b6 25. axb6+ Nxb6 26. b3 a5 27. e5
Rhe8 28. Rhe2 a4 29. Kd3 g6 30. bxa4 Nxa4 31. c4 Nb6 32. Bg4 h5 33. Bh3 h4 34.
gxh4 Kd8 35. Rb1 Ra7 36. Rxb6 Ra3+ 37. Kd2 Rxh3 38. Rxd6+ Ke7 39. Rc6 Ra8 40.
Kc1 Rxh4 41. Rc7+ Ke8 42. Rxc5 Rxf4 43. Kb2 Rb8+ 44. Kc3 Rf3+ 45. Kd4 Rf4+ 46.
Re4 Rf1 47. Rc7 g5 48. d6 Rd1+ 49. Kc5 Ra8 50. e6 fxe6 51. Rxe6+ Kd8 52. Rg6
Ra5+ 53. Kb6 Re5 54. Rg8+ Re8 55. Rxe8+ Kxe8 56. c5 Kf8 57. Rc8+ Kf7 58. Kc7 Ke6
59. Re8+ Kd5 60. d7 Kxc5 61. d8=Q Rxd8 62. Kxd8 Kd5 1-0

[Event "London Classic Superrapid"]
[Site "London ENG"]
[Date "2015.12.13"]
[Round "7.17"]
[White "Hammer, Jon Ludvig"]
[Black "Gullaksen, Eirik"]
[Result "1-0"]
[WhiteTitle "GM"]
[BlackTitle "IM"]
[WhiteElo "2682"]
[BlackElo "2363"]
[WhiteFideId "1503707"]
[BlackFideId "1500945"]
[EventDate "2015.12.12"]

1. e4 c5 2. Nf3 Nc6 3. Bb5 Nf6 4. Bxc6 dxc6 5. d3 g6 6. Be3 b6 7. h3 Bg7 8. Nc3
O-O 9. Bf4 Re8 10. Qd2 Nd7 11. e5 Nf8 12. O-O Ne6 13. Bh2 Nd4 14. Nxd4 Qxd4 15.
Rae1 Bf5 16. b3 Qb4 17. g4 Be6 18. Re4 c4 19. bxc4 Rad8 20. Rb1 Qa5 21. a4 f5
22. exf6 exf6 23. Rbe1 Bf7 24. Rxe8+ Rxe8 25. Rxe8+ Bxe8 26. Qe3 Bf7 27. Ne4
Qxa4 28. Qd4 c5 29. Nxf6+ Bxf6 30. Qxf6 Qd7 31. Be5 Kf8 32. Qg7+ Ke8 33. Qxh7
Qe6 34. Qh8+ Bg8 35. Qg7 Bf7 36. Qh8+ Bg8 37. Kg2 a6 38. Kg3 b5 39. cxb5 axb5
40. Kf4 Kd7 41. Kg5 Kc6 42. Qf6 Kd5 43. Qd8+ Kc6 44. Qc7+ Kd5 45. f4 c4 46.
dxc4+ bxc4 47. Qb7+ Kc5 48. c3 Bf7 49. Qc7+ Kd5 50. Qb7+ Kc5 51. Bg7 Qe8 52. Bf6
Kd6 53. Qb6+ Kd5 54. Qb7+ Kd6 55. h4 Be6 56. Be5+ Kc5 57. Bd4+ Kd6 58. Qb6+ Kd5
59. Qc5+ Ke4 60. Qe5+ Kf3 61. Qe3+ Kg2 62. f5 gxf5 63. gxf5 Qg8+ 64. Kf4 Bd5 65.
Qg1+ Kh3 66. Qxg8 Bxg8 67. Ke4 1-0

[Event "London Classic Superrapid"]
[Site "London ENG"]
[Date "2015.12.13"]
[Round "7.18"]
[White "Williams, Simon K"]
[Black "Genzling, Alain"]
[Result "1-0"]
[WhiteTitle "GM"]
[BlackTitle "IM"]
[WhiteElo "2439"]
[BlackElo "2386"]
[WhiteFideId "404454"]
[BlackFideId "632708"]
[EventDate "2015.12.12"]

1. e4 c5 2. Nc3 Nc6 3. Bb5 g6 4. Bxc6 dxc6 5. d3 Bg7 6. f4 c4 7. Nf3 cxd3 8.
cxd3 Nf6 9. O-O c5 10. Ne5 O-O 11. Be3 b6 12. Qf3 Bb7 13. Rad1 Qc7 14. a4 Rad8
15. Nc4 Bc6 16. f5 Qb7 17. Qh3 Qa6 18. Ne5 Ba8 19. Bh6 c4 20. Bxg7 Kxg7 21. fxg6
hxg6 22. d4 Qa5 23. d5 Qc5+ 24. Kh1 Rh8 25. Qg3 Rh5 26. Nxf7 Kxf7 27. e5 Rdh8
28. h3 Qc7 29. e6+ 1-0

[Event "London Classic Superrapid"]
[Site "London ENG"]
[Date "2015.12.13"]
[Round "7.19"]
[White "Hillarp Persson, Tiger"]
[Black "Britton, Richard L"]
[Result "1-0"]
[WhiteTitle "GM"]
[BlackTitle "FM"]
[WhiteElo "2539"]
[BlackElo "2238"]
[WhiteFideId "1700812"]
[BlackFideId "401692"]
[EventDate "2015.12.12"]

1. e4 c5 2. Nc3 Nc6 3. g3 g6 4. Bg2 Bg7 5. d3 e6 6. Be3 d6 7. Qd2 Nd4 8. Nd1 e5
9. c3 Ne6 10. Nh3 h5 11. f3 f5 12. Ndf2 Qf6 13. f4 Nh6 14. Ng5 Ng4 15. h4 Nxe3
16. Qxe3 exf4 17. gxf4 fxe4 18. Nfxe4 Qxf4 19. Qxf4 Nxf4 20. O-O O-O 21. Rae1
Bg4 22. Nxd6 Nxg2 23. Kxg2 Rxf1 24. Rxf1 Rd8 25. Nxb7 Rxd3 26. Nxc5 Rd2+ 27. Rf2
Rd5 28. Nce6 Bf5 29. Nxg7 Kxg7 30. Kf3 Rd1 31. Ke3 Rh1 32. Rf4 Rh2 33. Rb4 a5
34. Rb7+ Kf6 35. Rf7+ Ke5 36. Nf3+ Ke6 37. Rxf5 1-0

[Event "London Classic Superrapid"]
[Site "London ENG"]
[Date "2015.12.13"]
[Round "7.20"]
[White "D'Costa, Lorin A R"]
[Black "Golding, Alex"]
[Result "1/2-1/2"]
[WhiteTitle "IM"]
[WhiteElo "2420"]
[BlackElo "2100"]
[WhiteFideId "409219"]
[BlackFideId "427241"]
[EventDate "2015.12.12"]

1. c4 Nf6 2. g3 g6 3. Bg2 Bg7 4. Nc3 O-O 5. Nf3 c6 6. O-O d6 7. d4 Qa5 8. h3 e5
9. e4 Nbd7 10. Re1 exd4 11. Nxd4 Ne5 12. Bf1 Re8 13. Nb3 Qc7 14. f4 Ned7 15. Bg2
a5 16. Be3 a4 17. Nd4 a3 18. b3 Nc5 19. Qc2 Nh5 20. Kh2 Bd7 21. Rad1 Re7 22. Bf2
Rae8 23. b4 Ne6 24. Qd2 Nxd4 25. Bxd4 Bh6 26. c5 Nxf4 27. cxd6 Qxd6 28. e5 Qxb4
29. gxf4 f6 30. Kh1 fxe5 31. Nd5 Qxd2 32. Nxe7+ Kf7 33. Rxd2 exd4 34. Rxd4 Rxe7
35. Rxe7+ Kxe7 36. Ra4 b5 37. Rxa3 Bxf4 38. Kg1 Kd6 39. Rd3+ Kc7 40. Kf2 Be6 41.
Rc3 Bc4 42. Bf1 Be5 43. Rc2 Bd4+ 44. Ke1 Bxf1 45. Kxf1 c5 46. Ke2 Kd6 47. Kf3
Ke5 48. Re2+ Kd5 49. Re7 h6 50. Rh7 h5 51. Rh6 Kc4 52. Rxg6 Kd3 53. Rb6 b4 54.
a3 bxa3 55. Rb3+ Kd2 56. Rxa3 c4 57. Kf4 c3 58. Rxc3 Kxc3 59. Kg5 1/2-1/2

[Event "London Classic Superrapid"]
[Site "London ENG"]
[Date "2015.12.13"]
[Round "8.2"]
[White "Melkumyan, Hrant"]
[Black "Kilpatrick, Callum"]
[Result "1-0"]
[WhiteTitle "GM"]
[BlackTitle "FM"]
[WhiteElo "2632"]
[BlackElo "2352"]
[WhiteFideId "13302485"]
[BlackFideId "414425"]
[EventDate "2015.12.12"]

1. c4 Nf6 2. Nc3 d5 3. cxd5 Nxd5 4. g3 g6 5. Bg2 Nb6 6. d3 Bg7 7. Be3 Nc6 8. Qd2
O-O 9. Bxc6 bxc6 10. Bh6 c5 11. Bxg7 Kxg7 12. b3 Bb7 13. f3 Qd4 14. Rc1 a6 15.
Ne4 Bxe4 16. fxe4 Nd7 17. Nf3 Qd6 18. O-O e5 19. Rc4 Rfb8 20. Rfc1 a5 21. Qc3 f6
22. Nd2 Rb4 23. a4 Rbb8 24. Kg2 Ra7 25. Qc2 Qb6 26. Rc3 Qb4 27. Nc4 Nf8 28. e3
Ne6 29. Qf2 Ra6 30. h4 Rf8 31. Kh2 Qb7 32. Qb2 Qb4 33. R3c2 Kg8 34. Qc3 Qxc3 35.
Rxc3 Rb8 36. Kg2 Kf7 37. Kf2 Ke7 38. Ke2 Ra7 39. Rh1 Kf7 40. Kd2 h5 41. Kc1 Rg8
42. Rc2 Ke7 43. Rf2 Ra6 44. Rhf1 Nd8 45. Kb2 g5 46. Rf5 gxh4 47. gxh4 Rh8 48.
Rg1 Rh7 49. Rg6 Nf7 1-0

[Event "London Classic Superrapid"]
[Site "London ENG"]
[Date "2015.12.13"]
[Round "8.3"]
[White "Gharamian, Tigran"]
[Black "Krishna C R G"]
[Result "1/2-1/2"]
[WhiteTitle "GM"]
[BlackTitle "IM"]
[WhiteElo "2654"]
[BlackElo "2367"]
[WhiteFideId "13301527"]
[BlackFideId "5018625"]
[EventDate "2015.12.12"]

1. e4 e6 2. d4 d5 3. Nc3 Bb4 4. e5 c5 5. a3 Bxc3+ 6. bxc3 Ne7 7. Qg4 Qc7 8. Bd3
cxd4 9. Ne2 dxc3 10. Qxg7 Rg8 11. Qxh7 Nbc6 12. Bf4 Bd7 13. O-O O-O-O 14. Bg3 d4
15. Rab1 Rdf8 16. Be4 Qa5 17. Rfd1 Qc5 18. Bxc6 Nxc6 19. Qe4 f5 20. exf6 e5 21.
Nc1 Rg4 22. Qe2 a6 23. Nd3 Qd5 24. f3 Rxg3 25. hxg3 Rxf6 26. Qe4 Qd6 27. f4 Bf5
28. fxe5 Bxe4 29. exd6 Rxd6 30. Re1 Bxd3 31. cxd3 Rg6 32. Kh2 Rh6+ 33. Kg1 Rg6
34. Kh2 Rh6+ 35. Kg1 Rg6 1/2-1/2

[Event "London Classic Superrapid"]
[Site "London ENG"]
[Date "2015.12.13"]
[Round "8.4"]
[White "Jones, Gawain C B"]
[Black "Suarez Real, Alberto"]
[Result "0-1"]
[WhiteTitle "GM"]
[BlackTitle "IM"]
[WhiteElo "2615"]
[BlackElo "2383"]
[WhiteFideId "409561"]
[BlackFideId "2218534"]
[EventDate "2015.12.12"]

1. e4 c5 2. Nc3 Nc6 3. Bb5 Nd4 4. Nf3 e6 5. Bd3 Nc6 6. Bb5 Nd4 7. O-O a6 8. Bd3
Nc6 9. Be2 Nd4 10. Bd3 Nc6 11. b3 d6 12. Bb2 Nf6 13. Re1 Be7 14. e5 dxe5 15.
Nxe5 Nxe5 16. Rxe5 Bd7 17. Rg5 g6 18. Na4 Bxa4 19. bxa4 O-O 20. Rb1 Nd5 21. Rg3
Rb8 22. Qf3 Bf6 23. Ba3 Qd6 24. Rg4 Bg7 25. a5 b5 26. axb6 Rxb6 27. Rxb6 Qxb6
28. Bf1 Qa5 29. Rc4 Qxd2 30. Bxc5 Rb8 31. Bd6 Rd8 32. Rc6 Bf8 33. Be5 Bg7 34.
Bxg7 Kxg7 35. c4 Nf6 36. Rxa6 Qc1 37. Qe3 Qa1 38. f3 Rd1 39. Qf2 Qc1 40. Rb6
Qxc4 41. Rb3 Qc1 42. a4 Nd5 43. h4 Nf4 44. Qb2+ Qxb2 45. Rxb2 Ra1 46. Rb4 Nd5
47. Re4 Nc3 48. Re3 Nxa4 49. g4 Nb6 50. Kf2 Nd5 51. Re4 h6 52. Bc4 Nf6 53. Re5
Ra4 54. Rc5 Ra3 55. Rc8 g5 56. hxg5 hxg5 57. Ke2 Ra7 58. Ke3 Nd7 59. Be2 Ra3+
60. Kf2 Ne5 61. Rc5 Kf6 62. Rc2 Ng6 63. Rb2 Nf4 64. Rc2 Ra8 65. Ke3 Rh8 66. Bd3
Nd5+ 67. Kd4 Nb4 68. Ke4 Nxc2 69. Bxc2 Rb8 70. Ke3 Ke5 71. Ba4 Rb4 72. Bd1 Rb1
73. Ba4 Ra1 74. Be8 Ra3+ 75. Ke2 Kf4 76. Bc6 Ra2+ 77. Kf1 Ke3 78. Kg1 Rf2 0-1

[Event "London Classic Superrapid"]
[Site "London ENG"]
[Date "2015.12.13"]
[Round "8.5"]
[White "Jumabayev, Rinat"]
[Black "Lenderman, Aleksandr"]
[Result "0-1"]
[WhiteTitle "GM"]
[BlackTitle "GM"]
[WhiteElo "2599"]
[BlackElo "2627"]
[WhiteFideId "13702661"]
[BlackFideId "2021285"]
[EventDate "2015.12.12"]

1. Nf3 d5 2. d4 Nf6 3. c4 e6 4. g3 Be7 5. Bg2 O-O 6. Qc2 c5 7. O-O Nc6 8. cxd5
Nxd4 9. Nxd4 cxd4 10. dxe6 Bxe6 11. Bxb7 Rb8 12. Bf3 Qb6 13. Nd2 Rfc8 14. Qd1
Nd5 15. Be4 Nf6 16. Bg2 Nd5 17. Nf3 Bf6 18. Bg5 Bxg5 19. Nxg5 Qxb2 20. Qd3 Nf6
21. Nxe6 fxe6 22. Bh3 Qb6 23. Rab1 Qd6 24. Rxb8 Rxb8 25. Qc4 Kf7 26. Rd1 Rb4 27.
Qc2 Qb6 28. a3 Rb5 29. Qc4 Rd5 30. Rc1 Rd7 31. a4 Qd6 32. Qb3 Qe5 33. Rc6 Re7
34. Qd3 g6 35. Qc4 Ne4 36. Bg2 Nc3 37. Bf3 Ne4 38. Qc2 Nf6 39. Rc8 Qd6 40. Qc4
Kg7 41. a5 e5 42. Rc6 Qd7 43. Bg2 e4 44. Bf1 Qd8 45. Qc5 Rd7 46. Bh3 Rd5 47.
Rc7+ Kh6 48. Qc1+ g5 49. Be6 Re5 50. h4 e3 51. hxg5+ Rxg5 52. Kg2 exf2 53. Rc5
Ne4 54. Rf5 f1=Q+ 55. Kxf1 Nxg3+ 56. Ke1 Nxf5 57. Bxf5 Qxa5+ 0-1

[Event "London Classic Superrapid"]
[Site "London ENG"]
[Date "2015.12.13"]
[Round "8.6"]
[White "Howell, David W L"]
[Black "Williams, Simon K"]
[Result "1-0"]
[WhiteTitle "GM"]
[BlackTitle "GM"]
[WhiteElo "2693"]
[BlackElo "2439"]
[WhiteFideId "410608"]
[BlackFideId "404454"]
[EventDate "2015.12.12"]

1. e4 e6 2. d4 d5 3. Nd2 Nf6 4. e5 Nfd7 5. c3 c5 6. Bd3 Nc6 7. Ne2 cxd4 8. cxd4
f6 9. exf6 Nxf6 10. Nf3 Bd6 11. O-O Qc7 12. h3 O-O 13. Be3 Bd7 14. Re1 a6 15.
Rc1 Nh5 16. Ng5 h6 17. Bh7+ Kh8 18. Bg6 Bb4 19. Rf1 Nf6 20. Nf7+ Kg8 21. Ne5 Qd8
22. Ng3 Bd6 23. f4 Ne7 24. Bb1 Nf5 25. Nxf5 exf5 26. Qb3 Bb5 27. Bxf5 Qe8 28.
Rf3 Ba4 29. Qxb7 Rb8 30. Qxa6 Ne4 31. Bg6 Qb5 32. Qxb5 Bxb5 33. b3 Be2 34. Bxe4
dxe4 35. Rf2 Bb5 36. d5 g5 37. g3 gxf4 38. gxf4 Kh7 39. Nc4 Be7 40. Kh2 Rbd8 41.
Rd1 Bf6 42. Rg2 Be8 43. Bc5 Bh5 44. Rdd2 Rh8 45. Bd4 Rhf8 46. Bxf6 Rxf6 47. Rgf2
Bf3 48. Rd4 Rxf4 49. Nd2 Rf5 50. Nxf3 exf3 51. d6 Kg6 52. Kg3 Rdf8 53. d7 Rg5+
54. Kh2 Rd8 55. Rxf3 Re5 56. Rf2 Re7 57. Rd6+ Kg7 58. Rg2+ Kf7 59. Rxh6 1-0

[Event "London Classic Superrapid"]
[Site "London ENG"]
[Date "2015.12.13"]
[Round "8.7"]
[White "Cherniaev, Alexander"]
[Black "Hawkins, Jonathan"]
[Result "1/2-1/2"]
[WhiteTitle "GM"]
[BlackTitle "GM"]
[WhiteElo "2441"]
[BlackElo "2563"]
[WhiteFideId "4117301"]
[BlackFideId "412686"]
[EventDate "2015.12.12"]

1. e4 c6 2. d4 d5 3. e5 c5 4. Ne2 Nc6 5. c3 Bg4 6. h3 Bxe2 7. Bxe2 cxd4 8. cxd4
Qb6 9. Be3 Qxb2 10. Nd2 Rb8 11. Rb1 Qc3 12. Rb3 Qa5 13. Qb1 Qc7 14. O-O e6 15.
Rc1 Nge7 16. Bg5 g6 17. Bb5 Bg7 18. Qb2 Kd7 19. Bxe7 Kxe7 20. Qa3+ Kd7 21. Rf3
Kd8 22. Bxc6 bxc6 23. Rxf7 Qxf7 24. Qd6+ Qd7 25. Qxb8+ Ke7 26. Qb4+ Kf7 27. Nb3
Rc8 28. Qa4 Qb7 29. Rc3 Bf8 30. a3 Rc7 31. h4 Be7 32. Rf3+ Ke8 33. Qa5 Qb6 34.
Qc3 c5 35. dxc5 Bxc5 36. Nxc5 Qxc5 37. Qb3 Qe7 38. Rf6 Kd8 39. Qa4 Rc1+ 40. Kh2
Rc4 41. Qa5+ Rc7 42. Kg3 Kd7 43. Qa4+ Kd8 44. f3 Kc8 45. Qa6+ Kd7 46. Qa5 Kc6
47. a4 Kb7 48. Qb5+ Ka8 49. Qa6 Qb4 50. Kh3 Rc1 51. g3 Rh1+ 52. Kg2 Rc1 53. Kh3 1/2-1/2

[Event "London Classic Superrapid"]
[Site "London ENG"]
[Date "2015.12.13"]
[Round "8.8"]
[White "Rowson, Jonathan"]
[Black "Bauer, Christian"]
[Result "1/2-1/2"]
[WhiteTitle "GM"]
[BlackTitle "GM"]
[WhiteElo "2569"]
[BlackElo "2626"]
[WhiteFideId "2400561"]
[BlackFideId "603767"]
[EventDate "2015.12.12"]

1. d4 a6 2. e4 e6 3. Nf3 d5 4. e5 Bd7 5. c4 dxc4 6. Bxc4 Bc6 7. Nc3 Ne7 8. O-O
Nd7 9. Bb3 Nb6 10. Re1 Nf5 11. Ne4 h6 12. Ng3 Nh4 13. Nxh4 Qxh4 14. Be3 Bb4 15.
Re2 O-O 16. Rc1 Rad8 17. Rec2 Nd5 18. Rxc6 bxc6 19. Rxc6 Ba5 20. a3 Bb6 21. Bc2
Nf4 22. Qf3 Ng6 23. Ne2 Rd5 24. g3 Qh3 25. Qe4 Rfd8 26. Bb3 Rb5 27. Bxe6 fxe6
28. Qxg6 Rxb2 29. Nf4 Qf5 30. Qxe6+ Qxe6 31. Nxe6 Rd5 32. Nxc7 Rd7 33. Ne6 a5
34. Kg2 Kf7 35. Kf3 Re7 36. Nf4 Rc7 37. Rd6 Rb7 38. Nd5 Ke8 39. a4 Bd8 40. Rc6
Ra2 41. Nc3 Rc2 42. d5 Rc7 43. Bd4 Rxc6 44. dxc6 Ke7 45. Ke4 Ke6 46. f4 g6 47.
g4 Rxh2 48. f5+ gxf5+ 49. gxf5+ Kf7 50. e6+ Ke7 51. Bc5+ Ke8 52. Nd5 Rc2 53. Kd4
Bh4 54. Bb6 Rxc6 55. Bxa5 h5 56. Bc7 Bf2+ 57. Kd3 h4 58. a5 h3 59. Bh2 Rc5 60.
Ke4 Rc4+ 61. Ke5 Bd4+ 62. Kd6 Bc5+ 63. Ke5 Bd4+ 64. Kd6 Bc5+ 65. Ke5 1/2-1/2